[Event "Oberliga Ost-A 2223"]
[Site "Germany"]
[Date "2023.02.05"]
[Round "7.4"]
[White "Perekhozhuk, Maksym"]
[Black "Hovsepyan, Vardan"]
[Result "0-1"]
[WhiteElo "2000"]
[BlackElo "2254"]
[PlyCount "74"]
[EventDate "2022.09.18"]
[EventType "team-tourn"]
[EventRounds "11"]
[EventCountry "GER"]
[SourceTitle "EXT 2025"]
[Source "ChessBase"]
[SourceDate "2024.10.14"]
[SourceVersion "1"]
[SourceVersionDate "2024.10.14"]
[SourceQuality "1"]
[WhiteTeam "Halle USV"]
[BlackTeam "Hoyerswerda"]
[WhiteTeamCountry "GER"]
[BlackTeamCountry "GER"]

1. e4 c5 2. Nf3 e6 3. d4 cxd4 4. Nxd4 Nf6 5. Nc3 Nc6 6. Nb3 Bb4 7. Bd3 d5 8. exd5 Nxd5 9. Bd2 Nxc3 10. Bxc3 Bxc3+ 11. bxc3 0-0 12. 0-0 e5 13. Re1 Qc7 14. Re3 f5 15. Qh5 Ne7 16. Rae1 e4 17. Bf1 Nd5 18. Rh3 Nf6 19. Qg5 f4 20. Rh4 Qxc3 21. Rd1 f3 22. gxf3 Qxf3 23. Rd6 Qf5 24. Qg3 Nh5 25. Qe3 Nf4 26. Rxf4 Qg5+ 27. Qg3 Qxf4 28. Bc4+ Be6 29. Bxe6+ Kh8 30. Rd7 Qf6 31. Rxb7 Rad8 32. Bg4 Rd5 33. h4 a5 34. a4 e3 35. Qxe3 Re5 36. Qd2 Qxh4 37. Qd1 Qxf2+ 0-1

[Event "Oberliga Ost-A 2223"]
[Site "Germany"]
[Date "2022.09.04"]
[Round "1.5"]
[White "Perekhozhuk, Maksym"]
[Black "Ellemann, Stefan"]
[Result "1-0"]
[WhiteElo "2003"]
[BlackElo "2027"]
[PlyCount "67"]
[EventDate "2022.09.18"]
[EventType "team-tourn"]
[EventRounds "11"]
[EventCountry "GER"]
[SourceTitle "EXT 2025"]
[Source "ChessBase"]
[SourceDate "2024.10.14"]
[SourceVersion "1"]
[SourceVersionDate "2024.10.14"]
[SourceQuality "1"]
[WhiteTeam "Halle USV"]
[BlackTeam "Sangerhausen"]
[WhiteTeamCountry "GER"]
[BlackTeamCountry "GER"]

1. e4 c6 2. d4 d5 3. exd5 cxd5 4. Bd3 Nc6 5. c3 Qc7 6. Nd2 Nf6 7. h3 g6 8. Ngf3 Bf5 9. Qe2 Bxd3 10. Qxd3 Bg7 11. 0-0 0-0 12. Re1 Rfe8 13. Ne5 Nd7 14. f4 Rab8 15. Ndf3 b5 16. Ng5 Nd8 17. Qf3 Nb6 18. f5 f6 19. fxg6 hxg6 20. Nxg6 fxg5 21. Bxg5 e5 22. dxe5 Ne6 23. Bf6 Qf7 24. Qf5 a5 25. Rf1 Nc4 26. Rf3 Nd2 27. Rd3 Ne4 28. Rf1 Qa7+ 29. Kh2 N6c5 30. Rxd5 Rb6 31. Ne7+ Rxe7 32. Rd8+ Re8 33. Rxe8+ Kf7 34. Qh5# 1-0

[Event "Oberliga Ost-A 1920"]
[Site "Germany"]
[Date "2021.07.18"]
[Round "11.5"]
[White "Perekhozhuk, Maksym"]
[Black "Nake, Matthias"]
[Result "1/2-1/2"]
[WhiteElo "1976"]
[BlackElo "2182"]
[PlyCount "22"]
[EventDate "2019.09.29"]
[EventType "team-tourn"]
[EventRounds "11"]
[EventCountry "GER"]
[SourceTitle "EXT 2023"]
[Source "ChessBase"]
[SourceDate "2022.10.05"]
[SourceVersion "1"]
[SourceVersionDate "2022.10.05"]
[SourceQuality "1"]
[WhiteTeam "Halle USV"]
[BlackTeam "Dresden Gruen Weiss"]
[WhiteTeamCountry "GER"]
[BlackTeamCountry "GER"]

1. e4 c5 2. Nf3 Nc6 3. d4 cxd4 4. Nxd4 g6 5. c4 Bg7 6. Nc2 d6 7. Be2 Nf6 8. Nc3 0-0 9. 0-0 b6 10. Be3 Bb7 11. Qd2 Rc8 1/2-1/2

[Event "Sachsen-Anhalt Verbandsliga 18/19"]
[Site "Sachsen Anhalt"]
[Date "2019.02.03"]
[Round "5.2"]
[White "Kalkhof, Stefan"]
[Black "Perekhozhuk, Maksym"]
[Result "1-0"]
[WhiteElo "2209"]
[BlackElo "1962"]
[PlyCount "93"]
[EventDate "2018.10.21"]
[EventType "team-tourn"]
[EventRounds "9"]
[EventCountry "GER"]
[SourceTitle "EXT 2022"]
[Source "ChessBase"]
[SourceDate "2021.10.06"]
[SourceVersion "1"]
[SourceVersionDate "2021.10.06"]
[SourceQuality "1"]
[WhiteTeam "Loeberitz II"]
[BlackTeam "Halle USV II"]
[WhiteTeamCountry "GER"]
[BlackTeamCountry "GER"]

1. Nf3 c5 2. b3 Nc6 3. Bb2 d5 4. d4 Bg4 5. Nbd2 Qa5 6. c3 cxd4 7. cxd4 Rc8 8. a3 g6 9. e3 Nf6 10. b4 Qb6 11. Rc1 Bg7 12. b5 0-0 13. bxc6 Qxb2 14. Rb1 Qxa3 15. cxb7 Rb8 16. Be2 Nd7 17. Qb3 Qxb3 18. Rxb3 Nb6 19. Ba6 Rfd8 20. 0-0 Bd7 21. Rc1 Bf6 22. Rbc3 Be6 23. Rc7 Bf5 24. h3 h5 25. Nb3 Kg7 26. Na5 Bd7 27. R1c5 e6 28. Nc6 Bxc6 29. R5xc6 Nd7 30. Rd6 Nf8 31. Rdc6 Nd7 32. g4 hxg4 33. hxg4 g5 34. Kf1 Kg6 35. Ke2 Kg7 36. Kd2 Kf8 37. Ne1 Be7 38. Nd3 Ke8 39. Bb5 Kf8 40. Ba6 Ke8 41. Ke2 Kf8 42. f3 Nb6 43. Ne5 Ke8 44. Rc8 Nd7 45. Nxd7 Kxd7 46. R6c7+ Kd6 47. Rxb8 1-0

[Event "Sachsen-Anhalt Verbandsliga 18/19"]
[Site "Sachsen Anhalt"]
[Date "2018.11.11"]
[Round "2.2"]
[White "Zeuner, Ole"]
[Black "Perekhozhuk, Maksym"]
[Result "1/2-1/2"]
[WhiteElo "1865"]
[BlackElo "1980"]
[PlyCount "71"]
[EventDate "2018.10.21"]
[EventType "team-tourn"]
[EventRounds "9"]
[EventCountry "GER"]
[SourceTitle "EXT 2022"]
[Source "ChessBase"]
[SourceDate "2021.10.06"]
[SourceVersion "1"]
[SourceVersionDate "2021.10.06"]
[SourceQuality "1"]
[WhiteTeam "Magdeburg Aufbau Elbe III"]
[BlackTeam "Halle USV II"]
[WhiteTeamCountry "GER"]
[BlackTeamCountry "GER"]

1. e4 c5 2. Nf3 d6 3. d4 cxd4 4. Nxd4 Nf6 5. Nc3 g6 6. Be3 Bg7 7. f3 0-0 8. Qd2 Nc6 9. g4 Nxd4 10. Bxd4 Be6 11. Nd5 Bxd5 12. exd5 Qc7 13. h4 Rfc8 14. Rh2 h5 15. gxh5 Nxh5 16. Bxg7 Kxg7 17. Bd3 Qc5 18. Qg5 Qb4+ 19. c3 Qf4 20. Rg2 Qxg5 21. Rxg5 Nf4 22. Kd2 Rh8 23. Rh1 Rh6 24. Ke3 Nxd3 25. Kxd3 Rah8 26. Rg4 Rh5 27. Kd4 Rf5 28. Re1 Kf6 29. Re3 Rhh5 30. c4 Rh8 31. Rge4 Re8 32. Rb3 Rb8 33. Rbe3 Re8 34. Ra3 Ra8 35. b4 b6 36. b5 1/2-1/2

[Event "Sachsen-Anhalt Verbandsliga 2017/18"]
[Site "Sachsen Anhalt"]
[Date "2017.11.12"]
[Round "2.3"]
[White "Nitsch, Thomas"]
[Black "Perekhozhuk, Maksym"]
[Result "0-1"]
[WhiteElo "1993"]
[BlackElo "1918"]
[PlyCount "74"]
[EventDate "2017.12.22"]
[EventType "team-tourn"]
[EventRounds "9"]
[EventCountry "GER"]
[SourceTitle "EXT 2020"]
[Source "ChessBase"]
[SourceDate "2019.10.17"]
[SourceVersion "1"]
[SourceVersionDate "2019.10.17"]
[SourceQuality "1"]
[WhiteTeam "Halle Einheit"]
[BlackTeam "Halle USV II"]
[WhiteTeamCountry "GER"]
[BlackTeamCountry "GER"]

1. e4 c5 2. Nc3 Nc6 3. d3 g6 4. f4 Bg7 5. Nf3 e6 6. Be3 d6 7. g3 Nge7 8. Bg2 Rb8 9. Qd2 b5 10. 0-0 0-0 11. Qf2 b4 12. Nd1 a5 13. g4 f5 14. gxf5 exf5 15. c3 Ba6 16. Ne1 fxe4 17. Bxe4 d5 18. Bg2 d4 19. Bd2 bxc3 20. bxc3 Qd6 21. c4 Nf5 22. Bd5+ Kh8 23. Qf3 Nce7 24. Be4 Qc7 25. Nf2 Ne3 26. Nh3 Nxf1 27. Qxf1 Nf5 28. Ng5 Qe7 29. Bd5 Bc8 30. Nef3 Ne3 31. Qf2 Rxf4 32. Re1 Rb2 33. Bxe3 dxe3 34. Rxe3 Rb1+ 35. Re1 Rxe1+ 36. Qxe1 Qxe1+ 37. Nxe1 Rg4+ 0-1

[Event "GER-chT U20"]
[Site "Borken"]
[Date "2016.12.28"]
[Round "4.5"]
[White "Bay, Nicolai"]
[Black "Perekhozhuk, Maksym"]
[Result "1-0"]
[WhiteElo "1973"]
[BlackElo "1881"]
[PlyCount "59"]
[EventDate "2016.12.27"]
[EventType "team-swiss"]
[EventRounds "7"]
[EventCountry "GER"]
[SourceTitle "EXT 2018"]
[Source "ChessBase"]
[SourceDate "2017.10.13"]
[SourceVersion "1"]
[SourceVersionDate "2017.10.13"]
[SourceQuality "1"]
[WhiteTeam "Eppingen"]
[BlackTeam "Halle USV"]
[WhiteTeamCountry "GER"]
[BlackTeamCountry "GER"]

1. e4 c5 2. c3 g6 3. d4 cxd4 4. cxd4 d5 5. e5 Nc6 6. Nf3 Nh6 7. Nc3 Bg4 8. Be2 Bg7 9. Be3 0-0 10. 0-0 Nf5 11. Qd2 f6 12. Rad1 e6 13. exf6 Bxf6 14. Ne5 Bxe2 15. Qxe2 Nxe5 16. dxe5 Bxe5 17. Bc5 Bxh2+ 18. Kxh2 Qc7+ 19. Kg1 Qxc5 20. Qxe6+ Rf7 21. Rxd5 Qf8 22. Rd7 Re8 23. Qb3 Ree7 24. Rfd1 b6 25. Nb5 Kh8 26. Qc3+ Ng7 27. Rd8 Re8 28. Rxe8 Qxe8 29. Nd6 Qe7 30. Nxf7+ 1-0

[Event "GER-chT U16"]
[Site "Lingen"]
[Date "2015.12.30"]
[Round "7.3"]
[White "Perekhozhuk, Maksym"]
[Black "Behringer, Tom"]
[Result "0-1"]
[WhiteElo "1830"]
[BlackElo "1710"]
[PlyCount "82"]
[EventDate "2015.12.27"]
[EventType "team-swiss"]
[EventRounds "7"]
[EventCountry "GER"]
[SourceTitle "EXT 2017"]
[Source "ChessBase"]
[SourceDate "2016.10.25"]
[SourceVersion "1"]
[SourceVersionDate "2016.10.25"]
[SourceQuality "1"]
[WhiteTeam "Halle Volksbank"]
[BlackTeam "Kiel Doppelbauer"]
[WhiteTeamCountry "GER"]
[BlackTeamCountry "GER"]

1. e4 e5 2. Nf3 Nc6 3. Bc4 Nf6 4. Ng5 d5 5. exd5 Na5 6. Bb5+ c6 7. dxc6 bxc6 8. Bd3 Nd5 9. Nf3 Bd6 10. 0-0 0-0 11. Re1 Qe7 12. a3 Nf4 13. b4 Nxd3 14. cxd3 Nb7 15. Bb2 Bg4 16. Qe2 a5 17. bxa5 Rxa5 18. Qe4 Bxf3 19. Qxf3 Nc5 20. Bc3 Ra6 21. d4 e4 22. Qe2 Nd3 23. Rf1 f5 24. f3 Rfa8 25. fxe4 fxe4 26. Ra2 c5 27. Rc2 Bxh2+ 28. Kh1 Qh4 29. g4 Bg3+ 30. Kg1 Rh6 31. Qg2 Nf4 32. Rxf4 Bxf4 33. d3 Be3+ 34. Kf1 Rf8+ 35. Ke2 Rf2+ 36. Kxe3 Rxg2 37. Rxg2 Qh3+ 38. Kf2 Rf6+ 39. Kg1 Qe3+ 40. Kh1 Rh6+ 41. Rh2 Qc1+ 0-1

[Event "GER-chT U16"]
[Site "Lingen"]
[Date "2015.12.27"]
[Round "2.3"]
[White "Waibel, Christian"]
[Black "Perekhozhuk, Maksym"]
[Result "0-1"]
[WhiteElo "1565"]
[BlackElo "1830"]
[PlyCount "74"]
[EventDate "2015.12.27"]
[EventType "team-swiss"]
[EventRounds "7"]
[EventCountry "GER"]
[SourceTitle "EXT 2017"]
[Source "ChessBase"]
[SourceDate "2016.10.25"]
[SourceVersion "1"]
[SourceVersionDate "2016.10.25"]
[SourceQuality "1"]
[WhiteTeam "Schwaebisch Gmuend"]
[BlackTeam "Halle Volksbank"]
[WhiteTeamCountry "GER"]
[BlackTeamCountry "GER"]

1. e4 c5 2. Nf3 d6 3. Bb5+ Bd7 4. Bxd7+ Qxd7 5. d3 Nc6 6. Nc3 g6 7. 0-0 Bg7 8. Re1 e6 9. Bf4 Nge7 10. Qd2 0-0 11. Bh6 d5 12. exd5 exd5 13. Bxg7 Kxg7 14. d4 cxd4 15. Nxd4 Rad8 16. Re3 h5 17. Rd1 Kh7 18. Nxc6 bxc6 19. Ne2 Nf5 20. Rd3 Nh6 21. c4 Qb7 22. b3 Qa6 23. Nc3 Rfe8 24. cxd5 Rd6 25. Rd4 Nf5 26. Ra4 Qb7 27. Ne4 Rxd5 28. Nf6+ Kh8 29. Nxd5 cxd5 30. h3 Rd8 31. g4 Nh4 32. Qh6+ Kg8 33. gxh5 d4 34. f3 Qxf3 35. Qd2 Qg3+ 36. Kf1 Qxh3+ 37. Kf2 Qg2+ 0-1

[Event "GER-chT U16"]
[Site "Magdeburg"]
[Date "2014.12.29"]
[Round "5.4"]
[White "Yang, Daniel Danyang"]
[Black "Perekhozhuk, Maksym"]
[Result "0-1"]
[WhiteElo "1587"]
[BlackElo "1723"]
[PlyCount "126"]
[EventDate "2014.12.27"]
[EventType "team-swiss"]
[EventRounds "7"]
[EventCountry "GER"]
[SourceTitle "EXT 2016"]
[Source "ChessBase"]
[SourceDate "2015.10.08"]
[SourceVersion "1"]
[SourceVersionDate "2015.10.08"]
[SourceQuality "1"]
[WhiteTeam "Porz SG"]
[BlackTeam "Halle Volksbank"]
[WhiteTeamCountry "GER"]
[BlackTeamCountry "GER"]

1. d4 Nf6 2. g3 g6 3. Bg2 Bg7 4. e4 d6 5. c4 c5 6. d5 b5 7. cxb5 a6 8. bxa6 Bxa6 9. Ne2 Nfd7 10. 0-0 Nb6 11. Nbc3 Nc4 12. Rb1 0-0 13. b3 Ne5 14. Bb2 Nd3 15. Na4 Nxb2 16. Nxb2 Bxe2 17. Qxe2 Rxa2 18. Rfd1 Qb6 19. Qc2 Qb7 20. Rd2 Rc8 21. Qd1 Bc3 22. Re2 Bxb2 23. Rbxb2 Rxb2 24. Rxb2 c4 25. Qc2 c3 26. Rb1 Na6 27. Bf1 Nb4 28. Qc1 Qb6 29. Bc4 c2 30. Ra1 Qd4 31. Qe1 Nd3 32. Bxd3 Qxa1 33. Qxa1 c1Q+ 34. Qxc1 Rxc1+ 35. Kg2 Rc3 36. Bc4 Kg7 37. Kf1 Kf6 38. Ke2 Ke5 39. Bd3 Rxb3 40. Ke3 f5 41. exf5 gxf5 42. Ke2 h6 43. f4+ Kxd5 44. Bxf5 Rb2+ 45. Kd3 Rxh2 46. Be4+ Ke6 47. Kd4 Rd2+ 48. Ke3 Rd1 49. Ke2 Ra1 50. g4 Kf6 51. Ke3 Ra3+ 52. Kf2 e6 53. Ke2 d5 54. Bf3 Rb3 55. Kf2 d4 56. Be4 Re3 57. Bc2 e5 58. fxe5+ Kxe5 59. Bd1 Kf4 60. Be2 d3 61. Bd1 d2 62. Be2 Re5 63. Kf1 Kg3 0-1

[Event "GER-chT U16"]
[Site "Magdeburg"]
[Date "2014.12.28"]
[Round "3.4"]
[White "Wastian, Jan"]
[Black "Perekhozhuk, Maksym"]
[Result "1/2-1/2"]
[WhiteElo "1771"]
[BlackElo "1723"]
[PlyCount "141"]
[EventDate "2014.12.27"]
[EventType "team-swiss"]
[EventRounds "7"]
[EventCountry "GER"]
[SourceTitle "EXT 2016"]
[Source "ChessBase"]
[SourceDate "2015.10.08"]
[SourceVersion "1"]
[SourceVersionDate "2015.10.08"]
[SourceQuality "1"]
[WhiteTeam "Brackel"]
[BlackTeam "Halle Volksbank"]
[WhiteTeamCountry "GER"]
[BlackTeamCountry "GER"]

1. e4 c5 2. c3 g6 3. d4 cxd4 4. cxd4 d5 5. e5 Nc6 6. h3 Nh6 7. Nf3 Nf5 8. Nc3 Bg7 9. Be2 0-0 10. 0-0 e6 11. Bf4 f6 12. Qd2 fxe5 13. Bxe5 Nxe5 14. Nxe5 Qc7 15. f4 Ng3 16. Rf2 Bh6 17. Bg4 Nf5 18. Rc1 Qb6 19. Ne2 Nd6 20. Bf3 Nb5 21. g3 Qd6 22. Qa5 Bd7 23. Bg4 Rac8 24. Rff1 b6 25. Qa4 Rfd8 26. Nxd7 Qxd7 27. Bxe6+ Qxe6 28. Qxb5 Rxc1 29. Rxc1 Qe3+ 30. Kg2 Re8 31. Qxd5+ Kh8 32. Re1 Qd2 33. Kf2 Qe3+ 34. Kg2 Qd2 35. Kf1 Qe3 36. Qb3 Qe4 37. Kf2 Bg7 38. Qc3 b5 39. Qd2 a6 40. Rd1 Qe6 41. d5 Qxh3 42. Kg1 Qg4 43. Kf2 Qh5 44. Nd4 Qxd5 45. b3 Qc5 46. b4 Qb6 47. Qc3 Rd8 48. Ke3 Re8+ 49. Kf3 Qf6 50. Qc2 Qe7 51. Nc6 Qe3+ 52. Kg2 Rc8 53. Rd8+ Rxd8 54. Nxd8 Qe7 55. Nc6 Qd6 56. Kh2 h5 57. Ne5 Bxe5 58. fxe5 Qxe5 59. Qxg6 Qe2+ 60. Kh3 Qxa2 61. Qxh5+ Kg7 62. Qe5+ Kg6 63. Qd6+ Kg5 64. Qe5+ Kg6 65. Qd6+ Kf7 66. Qd7+ Kf6 67. Qd6+ Kg5 68. Qe5+ Kg6 69. Qd6+ Kg7 70. Qe7+ Kg6 71. Qd6+ 1/2-1/2

[Event "GER-chT U14"]
[Site "Magdeburg"]
[Date "2013.12.28"]
[Round "4.4"]
[White "Perekhozhuk, Maksym"]
[Black "Hoppe, Andreas"]
[Result "1/2-1/2"]
[WhiteElo "1777"]
[BlackElo "1623"]
[PlyCount "190"]
[EventDate "2013.12.27"]
[EventType "team-swiss"]
[EventRounds "4"]
[EventCountry "GER"]
[SourceTitle "EXT 2015"]
[Source "ChessBase"]
[SourceDate "2014.11.20"]
[SourceVersion "1"]
[SourceVersionDate "2014.11.20"]
[SourceQuality "1"]
[WhiteTeam "Halle"]
[BlackTeam "Hagen"]
[WhiteTeamCountry "GER"]
[BlackTeamCountry "GER"]

1. e4 e6 2. d4 d5 3. Nd2 Nf6 4. e5 Nfd7 5. Bd3 c5 6. c3 Nc6 7. Ne2 cxd4 8. cxd4 f6 9. exf6 Qxf6 10. Nf3 h6 11. 0-0 Bd6 12. Bb1 0-0 13. Qd3 Rd8 14. Ng3 Nf8 15. a3 Bd7 16. Be3 Be8 17. Qb3 Na5 18. Qc3 Nc4 19. Re1 Rac8 20. Qb3 Nb6 21. Qd1 Rc7 22. Bd3 Rdc8 23. Qe2 Nc4 24. Rab1 Nxe3 25. Qxe3 Bf4 26. Qe2 Qe7 27. Ne5 Qg5 28. Nf3 Qe7 29. Ne5 Qf6 30. Qg4 Bxe5 31. dxe5 Qe7 32. h3 Bf7 33. Kh2 Qe8 34. f4 h5 35. Qf3 g6 36. Qf2 a6 37. Ne2 Nd7 38. Nd4 Nc5 39. Bf1 Ne4 40. Qe3 Kg7 41. Bd3 Nc5 42. Rf1 Nxd3 43. Qxd3 Rc4 44. Rfd1 Qd8 45. Qe3 Kg8 46. Qb3 Qe7 47. Qe3 Qc5 48. Qd3 Qb6 49. Qd2 Qc5 50. Qe3 b5 51. Qd3 Rb8 52. Qe3 b4 53. Rbc1 bxa3 54. bxa3 Rc8 55. Rxc4 Qxc4 56. Qg3 Kh7 57. Nf3 Qc3 58. Ng5+ Kg7 59. Rd3 Qc4 60. Rf3 d4 61. Nxf7 Kxf7 62. Qg5 Rg8 63. Qg3 Rd8 64. Qg5 Rg8 65. Qg3 Qc7 66. Rd3 Rd8 67. Qh4 Qe7 68. Qf2 Qd7 69. Qg3 Qa7 70. Qg5 Qe7 71. Qh6 Qf8 72. Qh7+ Qg7 73. Qxg7+ Kxg7 74. Kg3 Kf7 75. Kf3 Ke7 76. Ke4 Rc8 77. g3 h4 78. g4 Rc2 79. Kxd4 Re2 80. Re3 Rd2+ 81. Ke4 Ra2 82. f5 gxf5+ 83. gxf5 exf5+ 84. Kxf5 Rg2 85. a4 Rg3 86. Kf4 Rg6 87. Rb3 Kf7 88. a5 Rg1 89. Rf3 Ra1 90. Kg4+ Ke7 91. Kxh4 Rxa5 92. Re3 Ke6 93. Kg5 Rxe5+ 94. Rxe5+ Kxe5 95. h4 Ke6 1/2-1/2

[Event "GER-chT North U14"]
[Site "Magdeburg"]
[Date "2013.09.14"]
[Round "5.4"]
[White "Perekhozhuk, Maksym"]
[Black "Hoppe, Andreas"]
[Result "1-0"]
[WhiteElo "1569"]
[BlackElo "1677"]
[PlyCount "79"]
[EventDate "2013.09.12"]
[EventType "team-swiss"]
[EventRounds "7"]
[EventCountry "GER"]
[SourceTitle "EXT 2014"]
[Source "ChessBase"]
[SourceDate "2013.11.20"]
[SourceVersion "1"]
[SourceVersionDate "2013.11.20"]
[SourceQuality "1"]
[WhiteTeam "Halle"]
[BlackTeam "Hagen"]
[WhiteTeamCountry "GER"]
[BlackTeamCountry "GER"]

1. e4 e6 2. d4 d5 3. Nd2 Nf6 4. e5 Nfd7 5. Bd3 c5 6. c3 Nc6 7. Ngf3 cxd4 8. cxd4 f6 9. exf6 Qxf6 10. Nb3 h6 11. 0-0 Bd6 12. Bb1 0-0 13. Qd3 Rd8 14. Re1 Nf8 15. Qe3 Bd7 16. Ne5 Be8 17. a3 Bh5 18. Bd3 Nd7 19. Nxc6 bxc6 20. Qh3 Bf7 21. Re3 e5 22. Rf3 Qe7 23. dxe5 Nxe5 24. Re3 Be6 25. Bf5 Bxf5 26. Qxf5 Rf8 27. Qh3 Qf6 28. Re2 Rae8 29. Be3 Nc4 30. Bd4 Qf7 31. Rae1 Rxe2 32. Rxe2 Rb8 33. Qc3 Qh5 34. Re6 Qd1+ 35. Re1 Qxb3 36. Qc1 Nxb2 37. Qxc6 Nd3 38. Rf1 Bxa3 39. Qe6+ Kh8 40. Qxh6+ 1-0

[Event "GER-chT North U14"]
[Site "Magdeburg"]
[Date "2013.09.14"]
[Round "6.4"]
[White "Troemer, Felix"]
[Black "Perekhozhuk, Maksym"]
[Result "0-1"]
[WhiteElo "1162"]
[BlackElo "1569"]
[PlyCount "54"]
[EventDate "2013.09.12"]
[EventType "team-swiss"]
[EventRounds "7"]
[EventCountry "GER"]
[SourceTitle "EXT 2014"]
[Source "ChessBase"]
[SourceDate "2013.11.20"]
[SourceVersion "1"]
[SourceVersionDate "2013.11.20"]
[SourceQuality "1"]
[WhiteTeam "Torgelow"]
[BlackTeam "Halle"]
[WhiteTeamCountry "GER"]
[BlackTeamCountry "GER"]

1. e4 c5 2. Nf3 d6 3. d4 cxd4 4. Nxd4 Nf6 5. Nc3 g6 6. Bc4 Bg7 7. Bb3 0-0 8. f3 Nc6 9. Be3 Bd7 10. Qd2 Rc8 11. 0-0-0 Nxd4 12. Bxd4 b5 13. h4 a5 14. h5 a4 15. Bxf6 exf6 16. Bd5 a3 17. hxg6 axb2+ 18. Kb1 hxg6 19. Rh2 f5 20. Rdh1 Qf6 21. Ne2 fxe4 22. fxe4 Bc6 23. Nf4 Rfe8 24. Bxc6 Rxc6 25. Nd5 Qe5 26. Rh7 Rc4 27. Nc3 Rxc3 0-1

[Event "GER-chT North U14"]
[Site "Magdeburg"]
[Date "2013.09.12"]
[Round "2.4"]
[White "Fronius, Thies"]
[Black "Perekhozhuk, Maksym"]
[Result "0-1"]
[WhiteElo "1436"]
[BlackElo "1569"]
[PlyCount "58"]
[EventDate "2013.09.12"]
[EventType "team-swiss"]
[EventRounds "7"]
[EventCountry "GER"]
[SourceTitle "EXT 2014"]
[Source "ChessBase"]
[SourceDate "2013.11.20"]
[SourceVersion "1"]
[SourceVersionDate "2013.11.20"]
[SourceQuality "1"]
[WhiteTeam "Kiel Doppelbauer"]
[BlackTeam "Halle"]
[WhiteTeamCountry "GER"]
[BlackTeamCountry "GER"]

1. e4 c5 2. Nf3 d6 3. d4 cxd4 4. Nxd4 Nf6 5. Nc3 g6 6. Bc4 Bg7 7. Be3 0-0 8. f3 Nc6 9. Qd2 Bd7 10. 0-0-0 Rc8 11. Bb3 Nxd4 12. Bxd4 b5 13. h4 a5 14. a3 b4 15. axb4 axb4 16. Na2 Qc7 17. g4 Ra8 18. Qxb4 Rfb8 19. Qc3 Qb7 20. g5 Rc8 21. Qe3 Nh5 22. Kb1 Qa6 23. Qd3 Bb5 24. Qe3 Bc4 25. Bxc4 Rxc4 26. Bxg7 Qxa2+ 27. Kc1 Kxg7 28. Qd3 Rac8 29. c3 Qb3 0-1

[Event "GER-ch U12"]
[Site "Oberhof"]
[Date "2013.05.22"]
[Round "6"]
[White "Perekhozhuk, Maksym"]
[Black "Weber, Samuel"]
[Result "1/2-1/2"]
[WhiteElo "1749"]
[BlackElo "1703"]
[PlyCount "113"]
[EventDate "2013.05.19"]
[EventType "swiss"]
[EventRounds "11"]
[EventCountry "GER"]
[SourceTitle "CBM 154 Extra"]
[Source "ChessBase"]
[SourceDate "2013.06.25"]
[SourceVersion "2"]
[SourceVersionDate "2013.06.25"]
[SourceQuality "1"]

1. e4 g6 2. d4 Bg7 3. Nc3 d6 4. Be3 a6 5. Qd2 b5 6. Bd3 Nd7 7. Nf3 Bb7 8. h3 c5 9. a3 Qc7 10. 0-0 c4 11. Be2 h6 12. Rfe1 Ngf6 13. d5 Nc5 14. Bd4 e5 15. Bxc5 Qxc5 16. b3 h5 17. bxc4 bxc4 18. Rab1 Bh6 19. Qd1 Bc8 20. Rb4 g5 21. Rxc4 Qxa3 22. Rc6 Bd7 23. Nb1 Qa5 24. Rxd6 Nxe4 25. Rxh6 Rxh6 26. Bd3 Nd6 27. Rxe5+ Kf8 28. Rxg5 f6 29. Rg3 h4 30. Rg6 Rxg6 31. Bxg6 Qa1 32. Bd3 Rb8 33. Nfd2 f5 34. Nb3 Qg7 35. Qh5 Re8 36. Kf1 Nf7 37. Qxh4 Qe5 38. Qb4+ Kg8 39. Na3 f4 40. Nc4 Qh5 41. Kg1 Bxh3 42. gxh3 Qxh3 43. Bf1 Qg4+ 44. Kh2 f3 45. Qb6 Qh4+ 46. Kg1 Qg4+ 47. Kh2 Qf4+ 48. Kg1 Re1 49. Qg6+ Kf8 50. Ncd2 a5 51. Nc5 Qg5+ 52. Qxg5 Nxg5 53. Ne6+ Nxe6 54. dxe6 Rxe6 55. Nxf3 a4 56. Bc4 Rb6 57. Nd2 1/2-1/2